000 00684nam a2200157Ia 4500
008 090124s9999 xx 000 0 und d
082 _b23747
245 _a महाराष्ट्र राज्य : उत्पादनाचीं साधनें
250 _a0
260 _bटिळक महाराष्ट्र विद्यापीठ
_c1972
300 _a120
630 _a महाराष्ट्र राज्य : उत्पादनाचीं साधनें
700 _aआपटे न . गं .
730 _a महाराष्ट्र राज्य : उत्पादनाचीं साधनें
942 _cBOOK
999 _c92654
_d92654